MyGZULibrary

New perspectives in international development / (Record no. 3128)

MARC details
000 -LEADER
fixed length control field 02458cam a22005655a 4500
001 - CONTROL NUMBER
control field 19043211
003 - CONTROL NUMBER IDENTIFIER
control field GZU
005 - DATE AND TIME OF LATEST TRANSACTION
control field 20210512123837.0
008 - FIXED-LENGTH DATA ELEMENTS--GENERAL INFORMATION
fixed length control field 160405s2013 enkab b 001 0 eng d
010 ## - LIBRARY OF CONGRESS CONTROL NUMBER
LC control number 2016301438
015 ## - NATIONAL BIBLIOGRAPHY NUMBER
National bibliography number GBB280158
Source bnb
016 7# - NATIONAL BIBLIOGRAPHIC AGENCY CONTROL NUMBER
Record control number 016148139
Source Uk
020 ## - INTERNATIONAL STANDARD BOOK NUMBER
International Standard Book Number 9781780932439
Qualifying information (hbk.)
020 ## - INTERNATIONAL STANDARD BOOK NUMBER
International Standard Book Number 178093243X
Qualifying information (hbk.)
020 ## - INTERNATIONAL STANDARD BOOK NUMBER
International Standard Book Number 9781780932514
Qualifying information (pbk.)
020 ## - INTERNATIONAL STANDARD BOOK NUMBER
International Standard Book Number 1780932510
Qualifying information (pbk.)
020 ## - INTERNATIONAL STANDARD BOOK NUMBER
Canceled/invalid ISBN 9781780932484
Qualifying information (epub eBook)
020 ## - INTERNATIONAL STANDARD BOOK NUMBER
Canceled/invalid ISBN 9781780932491
Qualifying information (PDF eBook)
035 ## - SYSTEM CONTROL NUMBER
System control number (OCoLC)ocn813402440
040 ## - CATALOGING SOURCE
Original cataloging agency NLE
Language of cataloging eng
Transcribing agency NLE
Modifying agency OCLCO
-- UKMGB
-- IUL
-- OCLCF
-- DGU
-- OCL
-- CDX
-- OCLCQ
-- YDXCP
-- DLC
042 ## - AUTHENTICATION CODE
Authentication code lccopycat
050 00 - LIBRARY OF CONGRESS CALL NUMBER
Classification number JZ1310
Item number .N495 2013
082 04 - DEWEY DECIMAL CLASSIFICATION NUMBER
Classification number 327
Edition number 23
245 00 - TITLE STATEMENT
Title New perspectives in international development /
Statement of responsibility, etc. edited by Melissa Butcher and Theo Papaioannou.
260 ## - PUBLICATION, DISTRIBUTION, ETC.
Place of publication, distribution, etc. London ;
-- New York :
Name of publisher, distributor, etc. Bloomsbury Academic :
-- The Open University,
Date of publication, distribution, etc. 2013.
300 ## - PHYSICAL DESCRIPTION
Extent 236 pages :
Other physical details illustrations (chiefly color), maps ;
Dimensions 27 cm.
336 ## - CONTENT TYPE
Content type term text
Content type code txt
Source rdacontent
337 ## - MEDIA TYPE
Media type term unmediated
Media type code n
Source rdamedia
338 ## - CARRIER TYPE
Carrier type term volume
Carrier type code nc
Source rdacarrier
490 0# - SERIES STATEMENT
Series statement International development
500 ## - GENERAL NOTE
General note "This publication forms part of the Open University module TD223 International development: making sense of a changing world"--Page opposite title page.
504 ## - BIBLIOGRAPHY, ETC. NOTE
Bibliography, etc. note Includes bibliographical references and index.
650 #0 - SUBJECT ADDED ENTRY--TOPICAL TERM
Topical term or geographic name entry element International relations.
650 #0 - SUBJECT ADDED ENTRY--TOPICAL TERM
Topical term or geographic name entry element Economic development.
650 #0 - SUBJECT ADDED ENTRY--TOPICAL TERM
Topical term or geographic name entry element Human security.
650 #0 - SUBJECT ADDED ENTRY--TOPICAL TERM
Topical term or geographic name entry element Security, International.
650 #7 - SUBJECT ADDED ENTRY--TOPICAL TERM
Topical term or geographic name entry element Human security
Source of heading or term fast
Authority record control number or standard number (OCoLC)fst01749591
650 #7 - SUBJECT ADDED ENTRY--TOPICAL TERM
Topical term or geographic name entry element Economic development.
Source of heading or term fast
Authority record control number or standard number (OCoLC)fst00901785
650 #7 - SUBJECT ADDED ENTRY--TOPICAL TERM
Topical term or geographic name entry element International relations.
Source of heading or term fast
Authority record control number or standard number (OCoLC)fst00977053
650 #7 - SUBJECT ADDED ENTRY--TOPICAL TERM
Topical term or geographic name entry element Security, International.
Source of heading or term fast
Authority record control number or standard number (OCoLC)fst01110895
700 1# - ADDED ENTRY--PERSONAL NAME
Personal name Butcher, Melissa,
Dates associated with a name 1966-
700 1# - ADDED ENTRY--PERSONAL NAME
Personal name Papaioannou, Theo.
710 2# - ADDED ENTRY--CORPORATE NAME
Corporate name or jurisdiction name as entry element Open University.
856 42 - ELECTRONIC LOCATION AND ACCESS
Materials specified Contributor biographical information
Uniform Resource Identifier <a href="https://www.loc.gov/catdir/enhancements/fy1618/2016301438-b.html">https://www.loc.gov/catdir/enhancements/fy1618/2016301438-b.html</a>
856 42 - ELECTRONIC LOCATION AND ACCESS
Materials specified Publisher description
Uniform Resource Identifier <a href="https://www.loc.gov/catdir/enhancements/fy1618/2016301438-d.html">https://www.loc.gov/catdir/enhancements/fy1618/2016301438-d.html</a>
856 41 - ELECTRONIC LOCATION AND ACCESS
Materials specified Table of contents only
Uniform Resource Identifier <a href="https://www.loc.gov/catdir/enhancements/fy1618/2016301438-t.html">https://www.loc.gov/catdir/enhancements/fy1618/2016301438-t.html</a>
906 ## - LOCAL DATA ELEMENT F, LDF (RLIN)
a 7
b cbc
c copycat
d 2
e ncip
f 20
g y-gencatlg
942 ## - ADDED ENTRY ELEMENTS (KOHA)
Source of classification or shelving scheme Library of Congress Classification
Koha item type Books
Classification part 1310
Item part NEW
Call number prefix JZ
Call number suffix 2013
Holdings
Withdrawn status Lost status Damaged status Not for loan Collection code Home library Current library Shelving location Date acquired Total Checkouts Full call number Barcode Date last seen Copy number Price effective from Koha item type Inventory number
        Non-fiction City Campus Library City Campus Library General Stacks 11/18/2020   JZ1310 NEW 2013 003777 11/18/2020 c.1 11/18/2020 Books  
        Non-fiction Mashava Campus Library Mashava Campus Library General Stacks 05/12/2021   JZ1310 NEW 2013 004208 05/12/2021 C2 05/12/2021 Books  
        Non-fiction Mashava Campus Library Mashava Campus Library General Stacks 05/12/2021   JZ1310 NEW 2013 004212 05/12/2021 C3 05/12/2021 Books  
        Non-fiction Mashava Campus Library Mashava Campus Library General Stacks 05/12/2021   JZ1310 NEW 2013 004210 05/12/2021 C4 05/12/2021 Books  
        Non-fiction Mashava Campus Library Mashava Campus Library General Stacks 05/13/2021   JZ 1310 BUT 2013 004211 05/13/2021 c.5 05/13/2021 Books 21214